|
|
|
|
| LEADER |
00944nam a2200253 a 4500 |
| 001 |
16582 |
| 008 |
130615s1999 stk b 001 0 eng d |
| 010 |
|
|
|a 99487855
|
| 020 |
|
|
|a 9788120827646
|
| 020 |
|
|
|a 0748612173
|
| 040 |
|
|
|a DLC
|c DLC
|d DLC
|d BD-DhAAL
|
| 082 |
0 |
0 |
|a 170/.92/2
|2 22
|
| 100 |
1 |
|
|a Critchley, Simon,
|d 1960-
|
| 245 |
1 |
4 |
|a The ethics of deconstruction :
|b Derrida and Levinas /
|c Simon Critchley.
|
| 260 |
|
|
|a Edinburgh :
|b Edinburgh University Library,
|c c1999.
|
| 300 |
|
|
|a xv, 293 p. ;
|c 24 cm.
|
| 504 |
|
|
|a Includes bibliographical references and index.
|
| 541 |
|
|
|e 16582
|
| 600 |
1 |
0 |
|a Derrida, Jacques
|x Ethics.
|
| 600 |
1 |
0 |
|a Levinas, Emmanuel
|x Ethics.
|
| 650 |
|
0 |
|a Deconstruction.
|
| 852 |
1 |
|
|a Ayesha Abed Library
|j General shelf.
|
| 999 |
|
|
|c 13579
|d 13579
|
| 952 |
|
|
|0 0
|1 0
|4 0
|6 170_922000000000000_CRI
|7 0
|9 22716
|a BRACUL
|b BRACUL
|c GEN
|d 2013-06-15
|l 1
|m 3
|o 170.922 CRI
|p 3010016582
|q 2026-06-29
|r 2025-10-05
|s 2025-10-05
|t 1
|w 2013-06-15
|y BK
|